000 00399nam a2200145 i 4500
001 bg
100 1 _aBUCZEK, Emil.
245 1 0 _aAntykorozyjne zabezpieczenia rur i konstrukcji stalowych.
_nCz. 1,
_pPowłoki cynkowe /
_cEmil Buczek.
260 _aWarszawa,
_c1982.
040 _cBPK
041 _apol
080 _a624.01+621.77:620.197
942 _cKS
008 s pl f |000 0 pol
999 _c20803
_d20803
856 _uhttp://koha.tu.koszalin.pl/cgi-bin/koha/opac-detail.pl?biblionumber=20803
_yKatalog online BPK